000 00962nam a22002537a 4500
005 20170124103045.0
010 _aB-176423
020 _c500.00
035 _aB-176423
037 _bCen Lib/Ret
040 _aDPL
_bHN
082 _a
_bमिश्रभ
100 _aमिश्र, भगवतीशरण
_968524
245 _aपद्मनेत्रा /
_cभगवतीशरण मिश्र
246 _aPadmnetra /
_bby Bhagwatisharan Mishra
260 _aदिल्ली
_bआत्माराम एंड संस
_c2005
270 _aकश्मीरी गेट
_bदिल्ली
_e110006
300 _a504पृ.
_c20सेमी(सजिल्द)
650 _aहिन्दी साहित्य
_968525
650 _aहिन्दी -- उपन्यास
_968526
650 _aHindi literature
_968527
650 _aHindi -- novel
_968528
942 _2ddc
_cHN
_h
_mमिश्रभ
999 _c116832
_d116832